Village economies : the design, estimation, and use of villagewide economic models
Αποθηκεύτηκε σε:
| Κύριος συγγραφέας: | |
|---|---|
| Άλλοι συγγραφείς: | |
| Μορφή: | Βιβλίο |
| Γλώσσα: | English |
| Δημοσίευση: |
Cambridge :
Cambridge University Press,
c1996.
|
| Θέματα: | |
| Ετικέτες: |
Προσθήκη ετικέτας
Δεν υπάρχουν, Καταχωρήστε ετικέτα πρώτοι!
|
MARC
| LEADER | 00000cam a2200000 i 4500 | ||
|---|---|---|---|
| 001 | 1/237 | ||
| 008 | 000403s1996 enk| || |||| ||eng|| | ||
| 020 | |a 0521550122 | ||
| 035 | |l 10059587 | ||
| 040 | |a GR-MyUa |b gre |e AACR2 | ||
| 041 | 0 | |a eng | |
| 082 | 7 | |a 307.762 |2 (22) | |
| 100 | 1 | |a Taylor, J. Edward. | |
| 245 | 1 | 0 | |a Village economies : |b the design, estimation, and use of villagewide economic models / |c J. Edward Taylor, Irma Adelman ; with contributions from Elise H. Golan ... [et al.]. |
| 260 | |a Cambridge : |b Cambridge University Press, |c c1996. | ||
| 300 | |a 266 σ. : |b εικ. ; |c 24 εκ. | ||
| 504 | |a Περιλαμβάνει βιβλιογραφικές παραπομπές και ευρετήριο. | ||
| 650 | 0 | 0 | |a Villages. |
| 650 | 0 | 0 | |a Rural development. |
| 700 | 1 | |a Adelman, Irma. | |
| 852 | |a INST |b LESVOS |e 20000403 |h 307.762 TAY |p 005100020199 |q 005100020199 |t BK |y 0 | ||
| 901 | |a BIBL1-2000-1 | ||
| 922 | |a 1ΕΛΗ |b 200003 |c ΚΠΣ/ΤΓ |d LEADER | ||
| 950 | |a 118-1999-09-20 | ||
| 970 | |a ΜΟΥΣΤΑΚΑ |b ΠΗΝΕΛΟΠΗ |z 2000/04/21 | ||